| 000 | 00997nam a22002537a 4500 | ||
|---|---|---|---|
| 001 | 10074 | ||
| 003 | FISKH | ||
| 005 | 20260403105418.0 | ||
| 008 | 260403b cb ||||| |||| 00| 0 eng d | ||
| 020 | _a9780513019461 | ||
| 040 |
_aFISKH _beng _cFISKH _dFISKH |
||
| 050 | _aLB1044.9 .F55 .W34 | ||
| 082 | _a372.2 | ||
| 100 | _aWalters, Connie | ||
| 245 |
_aSongs for the Flannel board : _bNew songs to familiar melodies with pictures for the Flannel board / _cBy Connie Walters ; Illustrations by Diane Wood Totten |
||
| 260 |
_aMinnesota : _bT.S. Denison, _c1989. |
||
| 300 |
_a54 pages : _billustrations ; _c28 cm |
||
| 520 | _aA collection of songs and flannel board activities for young children, using familiar melodies and picture pieces to support music, storytelling, and early literacy learning. | ||
| 650 |
_aChildren’s songs _vActivity songs |
||
| 650 |
_a Study and teaching _vEarly childhood |
||
| 700 |
_aTotten, Diane _eAuthor |
||
| 942 |
_2ddc _cBK _n0 |
||
| 999 |
_c10074 _d10074 |
||